000
00309nam a22001457a 4500
003
SGT
082
_a
615.535
_b
Y11S
100
_a
SHARMA, CHANDRAVAN
245
_a
YOGA EVAM NISARGOUPCHAR
250
_a
1ST
260
_a
VARANASI
_b
CHAUKHAMBHA
_c
2011
300
_a
254
650
_a
AYURVEDA
942
_2
ddc
_c
BK
999
_c
11260
_d
11260